| 000 | 00997nam a2200301 a 4500 | ||
|---|---|---|---|
| 999 |
_c5112 _d5112 |
||
| 001 | 5112 | ||
| 003 | BD-JhCC | ||
| 005 | 20221025134021.0 | ||
| 008 | 171209r19851965enk 000 mdeng d | ||
| 020 | _a0140430059 | ||
| 035 | _a(BD-JhCC)5112 | ||
| 040 |
_aBD-JhCC _dBD-JhCC |
||
| 041 | _aeng | ||
| 082 |
_223 _a823.7 _bAUS 1985 |
||
| 100 | 1 |
_aAusten, Jane, _d1775-1817. |
|
| 245 | 1 | 0 |
_aPersuasion / _cJane Austen. with A memoir of Jane Austen ; by J.E. Austen-Leigh ; edited with an introduction by D.W. Harding. |
| 260 |
_aHarmondsworth : _bPenguin, _c1985, c1965. |
||
| 300 |
_a399 p. ; _c19 cm. |
||
| 490 | 1 | _aPenguin English library | |
| 500 | _aFirst published Penguin English Library, 1965. | ||
| 650 | _aRejection (Psychology) | ||
| 650 | _aManners and customs | ||
| 650 | _aYoung women | ||
| 700 | 1 |
_aHarding, Denys Clement Wyatt, _d1906- |
|
| 700 | 1 |
_aAusten-Leigh, James Edward, _d1798-1874. _tMemoir of Jane Austen. |
|
| 830 | 0 | _aPenguin English library | |
| 942 |
_2ddc _cBK _07 |
||